[Event "Muensterland Verbandsliga 1314"]
[Site "Germany"]
[Date "2013.09.07"]
[Round "1.6"]
[White "Waeltermann, Thomas"]
[Black "Rotterdam, Bernhard"]
[Result "1-0"]
[WhiteElo "1789"]
[BlackElo "1588"]
[PlyCount "27"]
[EventDate "2013.09.07"]
[EventType "team-tourn"]
[EventRounds "9"]
[EventCountry "GER"]
[SourceTitle "EXT 2015"]
[Source "ChessBase"]
[SourceDate "2014.11.20"]
[SourceVersion "1"]
[SourceVersionDate "2014.11.20"]
[SourceQuality "1"]
[WhiteTeam "Beelen"]
[BlackTeam "Ochtrup"]
[WhiteTeamCountry "GER"]
[BlackTeamCountry "GER"]

1. e4 c6 2. d4 d5 3. Nc3 dxe4 4. Nxe4 e6 5. Nf3 Be7 6. c3 Nf6 7. Qc2 Nbd7 8. Bd3 b6 9. Bf4 Bb7 10. Nd6+ Bxd6 11. Bxd6 h6 12. Ne5 Nf8 13. Ba3 Nd5 14. Nc4 1-0